[Event "Asia-ch U20 33rd"]
[Site "Colombo"]
[Date "2011.06.07"]
[Round "8.6"]
[White "Kuruwitage, Yasas Kalana"]
[Black "Shyam, Nikil P"]
[Result "0-1"]
[WhiteElo "1923"]
[BlackElo "2412"]
[PlyCount "55"]
[EventDate "2011.06.01"]
[EventType "swiss"]
[EventRounds "8"]
[EventCountry "SRI"]
[SourceTitle "EXT 2022"]
[Source "ChessBase"]
[SourceDate "2021.10.06"]
[SourceVersion "1"]
[SourceVersionDate "2021.10.06"]
[SourceQuality "1"]

1. e4 c5 2. Nf3 d6 3. d4 cxd4 4. Nxd4 Nf6 5. Nc3 a6 6. Be3 e5 7. Nb3 Be6 8. f3 Nbd7 9. g4 h6 10. Qd2 Be7 11. 0-0-0 b5 12. h4 Nb6 13. Bd3 Nfd7 14. Qf2 Nc4 15. Bxc4 bxc4 16. Nd2 Rb8 17. Kb1 Qa5 18. Ka1 Nb6 19. Bxb6 Rxb6 20. Rb1 0-0 21. Nf1 Rfb8 22. Ne3 Rb4 23. Qd2 Bd8 24. Ned5 Bxd5 25. Qxd5 Qb6 26. h5 Rxb2 27. Qxc4 Bg5 28. Qd3 0-1

[Event "Asia-ch U20 33rd"]
[Site "Colombo"]
[Date "2011.06.06"]
[Round "7.6"]
[White "Anwesh, Upadhyaya"]
[Black "Kuruwitage, Yasas Kalana"]
[Result "1-0"]
[WhiteElo "2432"]
[BlackElo "1923"]
[PlyCount "57"]
[EventDate "2011.06.01"]
[EventType "swiss"]
[EventRounds "8"]
[EventCountry "SRI"]
[SourceTitle "EXT 2022"]
[Source "ChessBase"]
[SourceDate "2021.10.06"]
[SourceVersion "1"]
[SourceVersionDate "2021.10.06"]
[SourceQuality "1"]

1. Nf3 d6 2. c4 e5 3. Nc3 f5 4. d3 Nf6 5. g3 Be7 6. Bg2 0-0 7. Rb1 a5 8. a3 Qe8 9. b4 axb4 10. axb4 Kh8 11. Qc2 Na6 12. 0-0 Qh5 13. Nd5 Bd8 14. Bd2 f4 15. Nxf6 Bxf6 16. gxf4 Bh3 17. Bxh3 Qxh3 18. Kh1 exf4 19. Rg1 Bh4 20. Rg2 Rae8 21. Bc3 Rf7 22. Rbg1 Bf6 23. Bxf6 gxf6 24. Qd2 Qh6 25. Rg4 Rfe7 26. b5 Nc5 27. Rh4 Qf8 28. Qxf4 Rxe2 29. Rxh7+ 1-0

[Event "Akhisar Manisa ol U16"]
[Site "Akhisar Manisa"]
[Date "2009.10.02"]
[Round "10"]
[White "Pavlidou, Ekaterini"]
[Black "Kuruwitage, Yasas Kalana"]
[Result "1-0"]
[WhiteElo "2171"]
[BlackElo "1954"]
[PlyCount "65"]
[EventDate "2009.09.25"]
[EventType "team-swiss"]
[EventRounds "10"]
[EventCountry "TUR"]
[SourceTitle "CBM 132 Extra"]
[Source "ChessBase"]
[SourceDate "2009.11.03"]
[SourceVersion "1"]
[SourceVersionDate "2009.11.03"]
[SourceQuality "1"]

1. d4 Nf6 2. c4 e6 3. Nc3 Bb4 4. e3 0-0 5. Nge2 d5 6. a3 Bxc3+ 7. Nxc3 b6 8. Bd3 Bb7 9. 0-0 Nbd7 10. b4 e5 11. cxd5 exd4 12. exd4 h6 13. Qb3 a6 14. b5 Nb8 15. bxa6 Nxa6 16. Bc4 Qd7 17. a4 Rac8 18. Ba3 Rfd8 19. Bb5 Qg4 20. Be7 Nxd5 21. Nxd5 Bxd5 22. Qg3 Qxg3 23. hxg3 Bb7 24. Bxd8 Rxd8 25. Rad1 Nb4 26. Rfe1 Kf8 27. Re2 Bd5 28. Rb2 Na2 29. Rd3 Rc8 30. Ra3 Nc1 31. Rc3 Na2 32. Rcc2 c6 33. Bc4 1-0

[Event "Ravana op"]
[Site "Ravana"]
[Date "2009.09.14"]
[Round "3"]
[White "Akshat, Khamparia"]
[Black "Kuruwitage, Yasas Kalana"]
[Result "1-0"]
[WhiteElo "2263"]
[BlackElo "1954"]
[PlyCount "77"]
[EventDate "2009.09.13"]
[EventType "swiss"]
[EventRounds "10"]
[EventCountry "SRI"]
[SourceTitle "EXT 2010"]
[Source "ChessBase"]
[SourceDate "2010.11.25"]
[SourceVersion "1"]
[SourceVersionDate "2010.11.25"]
[SourceQuality "1"]

1. d4 Nf6 2. c4 g6 3. Nc3 Bg7 4. e4 d6 5. Bd3 0-0 6. Nge2 e5 7. d5 a5 8. 0-0 Nfd7 9. Bc2 f5 10. exf5 gxf5 11. Ng3 f4 12. Nge4 Na6 13. Qh5 Qe8 14. Qxe8 Rxe8 15. a3 Ndc5 16. Nd2 Bg4 17. Rb1 Rf8 18. b4 axb4 19. axb4 Nd7 20. Nde4 Bf5 21. f3 Bf6 22. g3 Kh8 23. Ne2 Bxe4 24. Bxe4 fxg3 25. hxg3 Be7 26. Kg2 Nf6 27. Bd3 Nb8 28. Rh1 Ra2 29. Bb2 Nbd7 30. Nc3 Raa8 31. Ra1 c6 32. dxc6 bxc6 33. Ne4 Rxa1 34. Bxa1 Ra8 35. f4 Ra3 36. Nf2 Ra2 37. Bf5 Kg8 38. c5 d5 39. Bxe5 1-0

[Event "Asia-ch U20"]
[Site "Sri Lanka"]
[Date "2009.07.04"]
[Round "5"]
[White "Kuruwitage, Yasas Kalana"]
[Black "Shreyansh, Daklia"]
[Result "1-0"]
[WhiteElo "1963"]
[BlackElo "2279"]
[PlyCount "135"]
[EventDate "2009.07.02"]
[EventType "swiss"]
[EventRounds "9"]
[EventCountry "SRI"]
[SourceTitle "EXT 2010"]
[Source "ChessBase"]
[SourceDate "2010.11.25"]
[SourceVersion "1"]
[SourceVersionDate "2010.11.25"]
[SourceQuality "1"]

1. e4 c6 2. d4 d5 3. Nc3 dxe4 4. Nxe4 Nd7 5. Nf3 Ngf6 6. Ng3 e6 7. Bd3 Bd6 8. 0-0 0-0 9. Re1 h6 10. Ne5 c5 11. c3 cxd4 12. cxd4 Bb4 13. Bd2 Bxd2 14. Qxd2 Nb6 15. Rac1 Nbd5 16. Ne4 a5 17. Nxf6+ Nxf6 18. Be4 Ra6 19. Bf3 Qe7 20. Re3 Rd8 21. Rec3 Bd7 22. Bxb7 Rb6 23. Rc7 Qb4 24. Qxb4 Rxb4 25. Bc6 Be8 26. Bxe8 Nxe8 27. Rc8 Rbxd4 28. Rxd8 Rxd8 29. Kf1 Rb8 30. b3 Rb5 31. Nc6 Kf8 32. Ke2 Nf6 33. Rc4 Nd5 34. Kd3 Rb6 35. Kd4 Ke8 36. Nxa5 Kd7 37. Rc5 Ra6 38. a4 f6 39. Kc4 Nc7 40. b4 e5 41. Kb3 Ne6 42. Rd5+ Kc7 43. Ka3 Nf4 44. Rc5+ Kd7 45. g3 Ne6 46. Rd5+ Kc7 47. Nb3 Ra8 48. Nc5 Nd4 49. Rd7+ Kc6 50. Rxg7 Rb8 51. Na6 Rd8 52. b5+ Kb6 53. Rf7 Ka5 54. Nb4 Rd6 55. Ra7+ Kb6 56. Ra6+ Kc7 57. Rxd6 Kxd6 58. Nc6 Nf3 59. h4 Nd2 60. a5 Kc5 61. Na7 Ne4 62. b6 Nd6 63. Ka4 Nb7 64. Nc8 Kc6 65. a6 Nc5+ 66. Ka5 Nb3+ 67. Kb4 Nd4 68. a7 1-0

[Event "Asia-ch U20"]
[Site "Sri Lanka"]
[Date "2009.07.03"]
[Round "2"]
[White "Kuruwitage, Yasas Kalana"]
[Black "Munasinghe, Shanaka"]
[Result "0-1"]
[WhiteElo "1963"]
[BlackElo "1773"]
[PlyCount "69"]
[EventDate "2009.07.02"]
[EventType "swiss"]
[EventRounds "9"]
[EventCountry "SRI"]
[SourceTitle "EXT 2010"]
[Source "ChessBase"]
[SourceDate "2010.11.25"]
[SourceVersion "1"]
[SourceVersionDate "2010.11.25"]
[SourceQuality "1"]

1. e4 Nf6 2. e5 Nd5 3. d4 d6 4. Nf3 e6 5. Bd3 c5 6. dxc5 dxc5 7. c3 Nc6 8. 0-0 Qc7 9. Qe2 b6 10. a3 Bb7 11. Re1 0-0-0 12. b4 Nb8 13. c4 Ne7 14. Nc3 Nec6 15. Bg5 Re8 16. Nb5 Qd7 17. Red1 Ba8 18. Be4 Qb7 19. Rd6 Qa6 20. Rad1 h6 21. Be3 cxb4 22. Qd3 Bxd6 23. Nxd6+ Kc7 24. Nxe8+ Rxe8 25. Qd6+ Kc8 26. Bxc6 Bxc6 27. Nd4 Qb7 28. Qxb4 Rd8 29. Rc1 Na6 30. Qb2 Bxg2 31. Nb5 Kb8 32. Nd6 Qf3 33. Bxb6 Rxd6 34. Ba5+ Rb6 35. Qd2 0-1